पूर्वमध्यकालीन भारत; (Record no. 69187)

MARC details
000 -LEADER
fixed length control field 01261nam a22001697a 4500
005 - DATE AND TIME OF LATEST TRANSACTION
control field 20120822125923.0
020 ## - INTERNATIONAL STANDARD BOOK NUMBER
International Standard Book Number 9788126717446
Terms of availability 600.00
037 ## - SOURCE OF ACQUISITION
Source of stock number/acquisition के.के.पब्लिकेशंस
100 ## - MAIN ENTRY--PERSONAL NAME
Personal name प्रशान्त गौरव
245 ## - TITLE STATEMENT
Title पूर्वमध्यकालीन भारत;
Remainder of title (लगभग 550-1200 ई.)
Statement of responsibility, etc प्रशान्त गौरव
260 ## - PUBLICATION, DISTRIBUTION, ETC. (IMPRINT)
Place of publication, distribution, etc नई दिल्ली
Name of publisher, distributor, etc राजकमल प्रकाशन
Date of publication, distribution, etc 2009
270 ## - ADDRESS
Address 1-बी, नेताजी सुभाष मार्ग
City नई दिल्ली
Postal code 110002
300 ## - PHYSICAL DESCRIPTION
Extent 431 पृ.
Dimensions 20 सेंमी.(सजिल्द)
942 ## - ADDED ENTRY ELEMENTS (KOHA)
Source of classification or shelving scheme Dewey Decimal Classification
Item type Hindi Books
Classification part 954.014
Call number suffix प्रशान्त
Holdings
Withdrawn status Lost status Not for loan Collection code Home library Current library Date acquired Source of acquisition Cost, normal purchase price Full call number Barcode Copy number Cost, replacement price Koha item type
      Non-fiction Central Library Central Library 22/08/2012 के.के.पब्लिकेशंस/1908/30.03.12/45/30.03.12/30.03.12 600.00 954.014 प्रशान्त B-475577 1 600.00 Hindi Books

© Delhi Public Library
Hit Counter
free hit counter